| 000 | 01055nam a22003257a 4500 | ||
|---|---|---|---|
| 001 | 0007944 | ||
| 003 | KOHA_MİRAKIL | ||
| 005 | 20260207001615.0 | ||
| 007 | ta | ||
| 008 | 091006b2008 us |||gr||||#0|||1|eng | | ||
| 020 | _a9781929280469 | ||
| 040 |
_aTR-BiSEU _btur _cTR-BiSEU _erda |
||
| 041 | 0 | _aeng | |
| 044 | _cus | ||
| 050 |
_aPL850.F87 _bW45 2008 |
||
| 100 | 1 | _aFurui, Yoşikiçi. | |
| 245 | 1 |
_aWhite-haired melody/ _cYoşikiçi Furui ; Furui Yoshikichi; çeviren Meredith McKinney. |
|
| 264 | 1 |
_aAnn Arbor, Mich. : _bCenter for Japanese Studies, The University of Michigan _c2008 |
|
| 300 | _a275 pages; 20 cm. | ||
| 336 |
_ametin _btxt _2rdacontent |
||
| 337 |
_aaracısız _bn _2rdamedia |
||
| 338 |
_acilt _bnc _2rdacarrier |
||
| 490 | 1 |
_aMichigan monographs series in Japanese studies no ; _v61. |
|
| 500 | _aÖzgün eser adı : Hakuhatsu no uta. | ||
| 650 | 0 |
_aFiction. _919680 |
|
| 650 | 0 |
_aRoman. _919681 |
|
| 830 | 1 |
_aMichigan monographs series in Japanese studies no ; _v61. _919682 |
|
| 907 | _aRoman | ||
| 942 |
_2lcc _cBK |
||
| 999 |
_c7920 _d7920 |
||